Gambito de caballo / (Record no. 61925)

MARC details
000 -LEADER
campo de control de longitud fija 00795nam a2200229 i 4500
001 - NÚMERO DE CONTROL
campo de control 61925
003 - IDENTIFICADOR DE NÚMERO DE CONTROL
campo de control ES-MaACL
005 - FECHA Y HORA DE LA ÚLTIMA TRANSACCIÓN
campo de control 20251018063046.0
007 - CAMPO FIJO DE DESCRIPCIÓN FÍSICA--INFORMACIÓN GENERAL
campo de control de longitud fija t|
008 - DATOS DE LONGITUD FIJA--INFORMACIÓN GENERAL
campo de control de longitud fija 031114s1951 ag ||||1| spa d
080 ## - NÚMERO DE LA CLASIFICACIÓN DECIMAL UNIVERSAL
Número de la Clasificación Decimal Universal 821.111(73)-32"19"
100 1# - ENTRADA PRINCIPAL--NOMBRE DE PERSONA
Nombre de persona Faulkner, William,
Fechas asociadas al nombre 1897-1962
9 (RLIN) 242365
245 10 - MENCIÓN DEL TÍTULO
Título Gambito de caballo /
Mención de responsabilidad, etc. William Faulkner ; [traducción, Lucrecia Moreno de Sáenz].
260 ## - PUBLICACIÓN, DISTRIBUCIÓN, ETC.
Lugar de publicación, distribución, etc. Buenos Aires :
Nombre del editor, distribuidor, etc. Emecé,
Fecha de publicación, distribución, etc. [1951] (
Fabricante Imp. Argentina)
300 ## - DESCRIPCIÓN FÍSICA
Extensión 263 p. ;
Dimensiones 19 cm.
490 1# - MENCIÓN DE SERIE
Mención de serie Grandes novelistas
505 8# - NOTA DE CONTENIDO CON FORMATO
Nota de contenido con formato Contiene: Humo ; Monje ; Una mano sobre las aguas ; Mañana ; Un error de química ; Gambito de caballo
700 1# - ENTRADA AGREGADA--NOMBRE PERSONAL
Nombre de persona Moreno, Lucrecia.
9 (RLIN) 83300
830 1# - PUNTO DE ACCESO ADICIONAL DE SERIE-TÍTULO UNIFORME
Título uniforme Grandes novelistas
9 (RLIN) 181770
852 ## - LOCALIZACIÓN
Ubicación ES-MaACL
Número de control de estantería D-5820
Holdings
Estatus retirado Estado de pérdida Estado de daño No para préstamo Biblioteca de origen Biblioteca actual Ubicación en estantería Fecha de adquisición Fuente de adquisición Total de préstamos Signatura topográfica completa Código de barras Visto por última vez Precio de reemplazo Tipo de ítem Koha
        Biblioteca del Ateneo de Madrid Biblioteca del Ateneo de Madrid Sala Valle Inclán 17/01/2008     D-5820 901064926 23/02/2023 23/02/2023 Libro impreso